Structured systems analysis and design: A concise study (Record no. 171808)

000 -LEADER
fixed length control field 00387nam a2200133Ia 4500
008 - FIXED-LENGTH DATA ELEMENTS--GENERAL INFORMATION
fixed length control field 220217s9999||||xx |||||||||||||| ||und||
020 ## - INTERNATIONAL STANDARD BOOK NUMBER
International Standard Book Number 81-203-2451-X
082 ## - DEWEY DECIMAL CLASSIFICATION NUMBER
Classification number 004.2 KEL
100 ## - MAIN ENTRY--PERSONAL NAME
Personal name Kelkar, S.A
245 #0 - TITLE STATEMENT
Title Structured systems analysis and design: A concise study
260 ## - PUBLICATION, DISTRIBUTION, ETC.
Place of publication, distribution, etc. Prentice hall of india
Name of publisher, distributor, etc. New Delhi
Date of publication, distribution, etc. 2004
300 ## - PHYSICAL DESCRIPTION
Other physical details 225
650 ## - SUBJECT ADDED ENTRY--TOPICAL TERM
Topical term or geographic name entry element COMPUTER ARCHITECTURE
Holdings
Withdrawn status Lost status Damaged status Not for loan Collection code Home library Current library Shelving location Date acquired Full call number Barcode Date last seen Price effective from Koha item type
        Civil Engineering Central Library Central Library Book Cart 02/18/2022 004.2 KEL 6997 02/18/2022 02/18/2022 Books

Powered by Koha